| 000 | 01180nam a2200205Ia 4500 | ||
|---|---|---|---|
| 999 |
_c45448 _d45448 |
||
| 001 | 12272 | ||
| 003 | GE_BSU | ||
| 005 | 20240705172318.0 | ||
| 008 | 181216s2014||||ge |||||||||||||| ||geo|| | ||
| 040 | _cGE_BSU | ||
| 041 | _ageo | ||
| 080 | _a930.25(479.223)(061) ა-864 | ||
| 245 |
_aარხეიონი = ARCHEION VIII / _cაჭარის ავტონომიური რესპუბლიკის მთავრობის საქვეუწყებო დაწესებულება-საარქივო სამმართველო ; სარედაქციო საბჭოს თავ-რე მაია ივანიშვილი ; რედ. თამაზ ფუტკარაძე. |
||
| 264 |
_aთბილისი : _bუნივერსალი : _c2014. |
||
| 300 |
_a99 გვ. : _bილ. ; _c26 სმ. |
||
| 653 | _aარხეიონი 8 | ||
| 700 |
_aივანიშვილი, მაია _eსარედაქციო საბჭოს თავ-რე _922744 |
||
| 700 |
_aფუტკარაძე, თამაზ _eრედაქტორი _922745 |
||
| 942 |
_cBK _2udc |
||